000 00550nam a2200193Ia 4500
005 20250508152156.0
008 008 250505s9999 xx 000 0 hin d
037 _aTextual
040 _aFEDL
_beng
_cFEDL
041 _ahin
_2hin
084 _a910, GHA
_qFEDL
100 _aGhate Bitthalrav Duttatrey
_9760960
245 0 _aDesh desh ke log
260 _aBombay, India
_bHindi Granth Ratnakar Karyalay
_c1955
300 _a112p
490 _aNav yug pathya-granthavali; 9
942 _cTEXL
_h910, GHA
999 _c1334758
_d1334758